[Event "17. Open de Sants Hostafrancs 2015"]
[Site "Barcelona ESP"]
[Date "2015.08.24"]
[Round "4.40"]
[White "Juan Bartroli, Pau"]
[Black "Mullon, Jean-Baptiste"]
[Result "1/2-1/2"]
[WhiteElo "2195"]
[BlackElo "2402"]
[PlyCount "210"]
[EventDate "2015.08.21"]
[EventType "swiss"]
[EventRounds "10"]
[EventCountry "ESP"]
[SourceTitle "Ajedrez en Madrid"]
[Source "lmi"]
[SourceDate "2015.08.21"]

1. d4 d5 2. c4 c6 3. Nf3 Nf6 4. e3 Bf5 5. Nc3 e6 6. Nh4 Be4 7. f3 Bg6 8. Qb3
Qb6 9. Nxg6 hxg6 10. Bd2 Nbd7 11. c5 Qc7 12. f4 Be7 13. Rc1 Nh5 14. Kf2 g5 15.
g3 gxf4 16. exf4 g5 17. Be2 Bf6 18. Qb4 gxf4 19. Bxh5 Rxh5 20. Bxf4 Rf5 21. Ne2
O-O-O 22. Kg2 e5 23. dxe5 Bxe5 24. Rhe1 Rh8 25. Qa3 Rfh5 26. h4 Rg8 27. Kh3 Kb8
28. b4 Rh7 29. Qf3 Rhg7 30. b5 Bxf4 31. Qxf4 Ne5 32. bxc6 bxc6 33. Rc3 Ka8 34.
Re3 f6 35. Rb1 Qd7+ 36. Kg2 Qe7 37. Qa4 Qxc5 38. Rc3 Nc4 39. Nd4 Rb7 40. Rxb7
Kxb7 41. Nb3 Ne3+ 42. Rxe3 Qxe3 43. Na5+ Kb8 44. Qb4+ Qb6 45. Nxc6+ Ka8 46.
Qxb6 axb6 47. Kf3 Kb7 48. Nd4 Kc7 49. Kf4 Kd6 50. g4 Kc5 51. Nf3 d4 52. h5 d3
53. Kf5 Kd5 54. h6 Rh8 55. Kg6 Ke4 56. Nd2+ Ke3 57. Nc4+ Kf4 58. Nxb6 Kxg4 59.
Kg7 Rd8 60. Nc4 d2 61. h7 Rd7+ 62. Kg6 Rd8 63. Kxf6 Kh5 64. Nxd2 Kh6 65. Ke7
Ra8 66. Ke6 Kxh7 67. Ne4 Rxa2 68. Nf6+ Kg6 69. Nd7 Ra6+ 70. Kd5 Ra1 71. Ke6
Re1+ 72. Ne5+ Kg5 73. Kd5 Kf5 74. Nd3 Re8 75. Kd4 Rd8+ 76. Ke3 Rd7 77. Nc5 Ra7
78. Kd4 Ra1 79. Ke3 Ke5 80. Nd3+ Kd5 81. Nf4+ Kc4 82. Ke4 Re1+ 83. Kf5 Kd4 84.
Ne6+ Kd5 85. Nf4+ Kd6 86. Nd3 Re3 87. Nf4 Re5+ 88. Kf6 Re8 89. Kf5 Re5+ 90. Kf6
Ra5 91. Ng6 Ra1 92. Nf4 Rf1 93. Kf5 Re1 94. Kf6 Re5 95. Ng6 Re8 96. Kf5 Kd5 97.
Nf4+ Kd6 98. Ng6 Kd5 99. Nf4+ Kd4 100. Ne6+ Ke3 101. Ke5 Ra8 102. Kd5 Rb8 103.
Nc5 Rb3 104. Ne6 Rb5+ 105. Nc5 Rxc5+ 1/2-1/2

[Event "17. Open de Sants Hostafrancs 2015"]
[Site "Barcelona ESP"]
[Date "2015.08.24"]
[Round "4.41"]
[White "Ootes, Lars"]
[Black "Castrillon Gomez, Melissa"]
[Result "1-0"]
[WhiteElo "2400"]
[BlackElo "2183"]
[PlyCount "103"]
[EventDate "2015.08.21"]
[EventType "swiss"]
[EventRounds "10"]
[EventCountry "ESP"]
[SourceTitle "Ajedrez en Madrid"]
[Source "lmi"]
[SourceDate "2015.08.21"]

1. e4 e5 2. Nf3 Nc6 3. Bb5 a6 4. Ba4 Nf6 5. d3 b5 6. Bb3 Be7 7. Nc3 d6 8. Nd5
Bg4 9. c3 Nxd5 10. Bxd5 Qd7 11. Bxc6 Qxc6 12. Nxe5 dxe5 13. Qxg4 O-O 14. O-O
Rad8 15. Rd1 Rd6 16. Be3 Rg6 17. Qf5 Bd6 18. Bg5 h6 19. Bh4 Re6 20. Re1 g6 21.
Qg4 Kh7 22. Qe2 f5 23. f3 Qe8 24. Bf2 f4 25. d4 g5 26. Rad1 Rg6 27. Rd3 Rfg8
28. h3 h5 29. Kf1 R8g7 30. Qd1 Qe6 31. Qb3 Qc4 32. Qxc4 bxc4 33. Rdd1 g4 34.
hxg4 hxg4 35. Ke2 g3 36. Rh1+ Kg8 37. Bg1 Rh7 38. Rxh7 Kxh7 39. b3 cxb3 40.
axb3 Rh6 41. Ra1 Rh1 42. Kf1 exd4 43. cxd4 Bb4 44. Ke2 c5 45. dxc5 Bxc5 46. Bd4
Rxa1 47. Bxa1 Kg6 48. Kd3 Kf7 49. Kc4 Be3 50. Kd5 Ke7 51. Ke5 Kd7 52. Kf5 1-0

[Event "17. Open de Sants Hostafrancs 2015"]
[Site "Barcelona ESP"]
[Date "2015.08.24"]
[Round "4.42"]
[White "Moreno Martin, Daniel"]
[Black "Zude, Erik"]
[Result "1/2-1/2"]
[WhiteElo "2186"]
[BlackElo "2398"]
[PlyCount "121"]
[EventDate "2015.08.21"]
[EventType "swiss"]
[EventRounds "10"]
[EventCountry "ESP"]
[SourceTitle "Ajedrez en Madrid"]
[Source "lmi"]
[SourceDate "2015.08.21"]

1. e4 e5 2. Nf3 d6 3. d4 exd4 4. Nxd4 Nf6 5. Nc3 Be7 6. Be2 O-O 7. O-O a6 8. a4
c5 9. Nb3 Nc6 10. Be3 b6 11. f4 Bb7 12. Bf3 Qc7 13. Nd5 Nxd5 14. exd5 Nb8 15.
c4 Nd7 16. Qc2 Nf6 17. Nd2 b5 18. b3 bxc4 19. bxc4 Rfe8 20. Bf2 Bc8 21. h3 h5
22. Bh4 Ng4 23. Rfe1 Ne5 24. fxe5 Bxh4 25. exd6 Rxe1+ 26. Rxe1 Qd8 27. Re2 g6
28. Ne4 Bf5 29. Qc3 Bxe4 30. Rxe4 Bf6 31. Qd2 Qxd6 32. Qf4 Qxf4 33. Rxf4 Be5
34. Re4 Bd6 35. g4 hxg4 36. Bxg4 Rd8 37. Re2 Rb8 38. Bd7 Kf8 39. Kg2 Be7 40.
Kf3 Rb4 41. Re4 Rb1 42. Bc8 Rb6 43. Bd7 Rb7 44. Bc6 Rb3+ 45. Re3 Rb1 46. Bd7
Rc1 47. Re4 Rc3+ 48. Kg2 a5 49. Bb5 Rd3 50. Bc6 f5 51. Re6 Kf7 52. Bd7 f4 53.
Re4 g5 54. Be6+ Kf8 55. Bg4 Rg3+ 56. Kf2 Ra3 57. Re6 Rd3 58. Ra6 Kf7 59. Bh5+
Kg7 60. Ra7 Kf8 61. Ra8+ 1/2-1/2

[Event "17. Open de Sants Hostafrancs 2015"]
[Site "Barcelona ESP"]
[Date "2015.08.24"]
[Round "4.43"]
[White "Valdes Romero, Leonardo"]
[Black "Perez Otero, Juan Antonio"]
[Result "1-0"]
[WhiteElo "2396"]
[BlackElo "2169"]
[PlyCount "51"]
[EventDate "2015.08.21"]
[EventType "swiss"]
[EventRounds "10"]
[EventCountry "ESP"]
[SourceTitle "Ajedrez en Madrid"]
[Source "lmi"]
[SourceDate "2015.08.21"]

1. Nf3 Nf6 2. c4 b6 3. g3 Bb7 4. Bg2 c5 5. O-O e6 6. Nc3 Be7 7. d4 d5 8. Ne5
Nbd7 9. cxd5 Nxd5 10. Nxd5 Bxd5 11. Bxd5 exd5 12. Nc6 Qc8 13. Nxe7 Kxe7 14.
dxc5 Qxc5 15. Be3 Qd6 16. Qd4 Nf6 17. Bf4 Qd7 18. Qb4+ Ke6 19. Qb3 Ke7 20. Qa3+
Kd8 21. Rac1 Ne8 22. Rfd1 Rc8 23. Rxc8+ Kxc8 24. Qa6+ Kd8 25. e4 Nf6 26. Bg5
1-0

[Event "17. Open de Sants Hostafrancs 2015"]
[Site "Barcelona ESP"]
[Date "2015.08.24"]
[Round "4.44"]
[White "Majdan-Gajewska, Joanna"]
[Black "Carrasco Rodriguez, Jesus"]
[Result "1/2-1/2"]
[WhiteElo "2391"]
[BlackElo "2168"]
[PlyCount "72"]
[EventDate "2015.08.21"]
[EventType "swiss"]
[EventRounds "10"]
[EventCountry "ESP"]
[SourceTitle "Ajedrez en Madrid"]
[Source "lmi"]
[SourceDate "2015.08.21"]

1. e4 Nf6 2. e5 Nd5 3. d4 d6 4. c4 Nb6 5. exd6 exd6 6. h3 Be7 7. Nf3 Bf5 8. Be3
O-O 9. Nbd2 Bf6 10. g4 Bg6 11. g5 Be7 12. h4 Re8 13. Be2 Bh5 14. Qb3 Nc6 15. d5
Nb8 16. Nd4 Bxe2 17. Kxe2 Qc8 18. Rhg1 c6 19. a4 g6 20. h5 Bf8 21. h6 Na6 22.
a5 Nd7 23. Rac1 Ndc5 24. Qa3 Ne4 25. N2f3 c5 26. Nb5 Nb4 27. Nh2 a6 28. Nc3 Qf5
29. Nxe4 Rxe4 30. f3 Re7 31. Kd2 Ree8 32. Ng4 Rxe3 33. Nxe3 Qe5 34. Rg4 Qh2+
35. Rg2 Qf4 36. Rg4 Qh2+ 1/2-1/2

[Event "17. Open de Sants Hostafrancs 2015"]
[Site "Barcelona ESP"]
[Date "2015.08.24"]
[Round "4.45"]
[White "Vuilleumier, Alexandre"]
[Black "Martorell Aguado, Joan"]
[Result "0-1"]
[WhiteElo "2357"]
[BlackElo "2165"]
[PlyCount "70"]
[EventDate "2015.08.21"]
[EventType "swiss"]
[EventRounds "10"]
[EventCountry "ESP"]
[SourceTitle "Ajedrez en Madrid"]
[Source "lmi"]
[SourceDate "2015.08.21"]

1. d4 Nf6 2. Bg5 d5 3. Bxf6 exf6 4. g3 c6 5. Bg2 Bd6 6. Nf3 O-O 7. O-O f5 8. e3
Be6 9. Nbd2 a5 10. Qe2 Re8 11. c4 Nd7 12. Rfc1 Bc7 13. cxd5 Bxd5 14. Ne1 Nf6
15. Bxd5 Qxd5 16. Qf3 Qe6 17. Nd3 Ne4 18. Rc2 Bd6 19. Nc4 Bc7 20. Rd1 Rad8 21.
b3 Rd5 22. Nf4 Bxf4 23. gxf4 c5 24. dxc5 Rxc5 25. Rdc1 Rec8 26. h3 a4 27. Qd1
axb3 28. axb3 g6 29. Qd3 Rd5 30. Qf1 Rcd8 31. Ra1 Qf6 32. Ne5 Rd2 33. Qc1 Qh4
34. Rxd2 Rxd2 35. Ng4 fxg4 0-1

[Event "17. Open de Sants Hostafrancs 2015"]
[Site "Barcelona ESP"]
[Date "2015.08.24"]
[Round "4.46"]
[White "Midoux, Sebastien"]
[Black "Jordan Martinez, David"]
[Result "1-0"]
[WhiteElo "2344"]
[BlackElo "2161"]
[PlyCount "105"]
[EventDate "2015.08.21"]
[EventType "swiss"]
[EventRounds "10"]
[EventCountry "ESP"]
[SourceTitle "Ajedrez en Madrid"]
[Source "lmi"]
[SourceDate "2015.08.21"]

1. Nf3 Nf6 2. c4 e6 3. g3 d5 4. Bg2 Be7 5. O-O O-O 6. d4 c6 7. b3 b6 8. Nc3 Ba6
9. Bb2 Nbd7 10. Ne5 Nxe5 11. dxe5 Nd7 12. cxd5 cxd5 13. Qd2 Rc8 14. Rfc1 Nc5
15. Qd4 Qd7 16. Rd1 Rfd8 17. h4 Qb7 18. Qg4 b5 19. b4 Na4 20. Nxa4 bxa4 21.
Rac1 Qxb4 22. Qxb4 Bxb4 23. a3 Be7 24. Rxc8 Rxc8 25. Rd2 Bc4 26. e4 Rc5 27.
exd5 exd5 28. f4 g6 29. Bf1 Bxf1 30. Kxf1 Kf8 31. Ke2 Ke8 32. Kd1 Kd7 33. Rd4
Ra5 34. Bc3 Rc5 35. Kd2 Rc4 36. Rxd5+ Ke6 37. Ra5 Bxa3 38. Ra6+ Kf5 39. Rxa7
Ke6 40. Ra6+ Ke7 41. Kd3 Rc7 42. Rxa4 Bc5 43. g4 h5 44. gxh5 gxh5 45. f5 Bf2
46. Bd2 Ra7 47. Bg5+ Kd7 48. Rb4 Bg3 49. Rd4+ Kc7 50. e6 fxe6 51. fxe6 Bd6 52.
Rc4+ Kb8 53. Ke4 1-0

[Event "17. Open de Sants Hostafrancs 2015"]
[Site "Barcelona ESP"]
[Date "2015.08.24"]
[Round "4.47"]
[White "Steponavicius, Stasys"]
[Black "Aabling-Thomsen, Jakob"]
[Result "1/2-1/2"]
[WhiteElo "2180"]
[BlackElo "2333"]
[PlyCount "87"]
[EventDate "2015.08.21"]
[EventType "swiss"]
[EventRounds "10"]
[EventCountry "ESP"]
[SourceTitle "Ajedrez en Madrid"]
[Source "lmi"]
[SourceDate "2015.08.21"]

1. d4 g6 2. c4 f5 3. g3 Nf6 4. Bg2 Bg7 5. Nf3 O-O 6. O-O d6 7. Nc3 c6 8. Rb1
Qc7 9. b4 e5 10. c5 e4 11. cxd6 Qxd6 12. Bf4 Qe7 13. Nd2 Nd5 14. Nxd5 cxd5 15.
Bxb8 Rxb8 16. e3 g5 17. Qb3 Be6 18. f4 g4 19. Rfc1 Rfc8 20. Bf1 Bf8 21. a3 Qd8
22. Qa4 Rxc1 23. Rxc1 Rc8 24. Nb3 Rxc1 25. Nxc1 Qc7 26. Na2 a6 27. Qb3 Kf7 28.
Kf2 h5 29. Qc3 Qd8 30. Nc1 Be7 31. Nb3 h4 32. Nc5 Qc8 33. Qb2 h3 34. Be2 Qc7
35. Nxe6 Kxe6 36. a4 Qb6 37. b5 a5 38. Qc3 Qd8 39. Bd1 Bb4 40. Qc1 Kd7 41. Bb3
Kd6 42. Qc2 Ke6 43. Ba2 Qd7 44. Qb3 1/2-1/2

[Event "17. Open de Sants Hostafrancs 2015"]
[Site "Barcelona ESP"]
[Date "2015.08.24"]
[Round "4.48"]
[White "Lopez Mulet, Inigo"]
[Black "Mundet Riera, Jaume"]
[Result "1-0"]
[WhiteElo "2332"]
[BlackElo "2157"]
[PlyCount "133"]
[EventDate "2015.08.21"]
[EventType "swiss"]
[EventRounds "10"]
[EventCountry "ESP"]
[SourceTitle "Ajedrez en Madrid"]
[Source "lmi"]
[SourceDate "2015.08.21"]

1. d4 Nf6 2. c4 d6 3. Nc3 Nbd7 4. g3 e5 5. Nf3 Be7 6. Bg2 O-O 7. O-O c6 8. e4
Qc7 9. h3 Re8 10. Re1 Bf8 11. b3 g6 12. Rb1 a5 13. Be3 Bg7 14. Qc2 b6 15. a3
Bb7 16. b4 axb4 17. axb4 exd4 18. Nxd4 h6 19. b5 c5 20. Nc6 Ra3 21. Bc1 Raa8
22. Bb2 g5 23. Ra1 Ne5 24. Nd5 Nxd5 25. exd5 Rxa1 26. Rxa1 Ra8 27. Rxa8+ Bxa8
28. f4 gxf4 29. gxf4 Ng6 30. Bxg7 Kxg7 31. Qc3+ Kh7 32. f5 Nf4 33. Qd2 Nh5 34.
Qb2 Bxc6 35. bxc6 Qe7 36. Qf2 Nf6 37. Qg3 Ne8 38. Qc3 f6 39. Kf2 Qe5 40. Qa3
Qe7 41. Qg3 Kh8 42. Qg6 Qf8 43. Kf3 Nc7 44. Kg4 b5 45. cxb5 Nxb5 46. Bf1 Nc7
47. Bc4 Ne8 48. Kh5 Qe7 49. Qxh6+ Kg8 50. Qf4 Ng7+ 51. Kg4 Ne8 52. Kf3 Ng7 53.
Qe4 Qa7 54. Qe3 Qf7 55. Qf4 Qe7 56. h4 Kf7 57. Qe3 Qc7 58. Qb3 Ne8 59. Qb7 Kg7
60. Ke3 Kh6 61. Qxc7 Nxc7 62. Be2 Kg7 63. Bf3 Na8 64. Bh5 Nb6 65. c7 Kf8 66.
Be2 Kg7 67. Kf3 1-0

[Event "17. Open de Sants Hostafrancs 2015"]
[Site "Barcelona ESP"]
[Date "2015.08.24"]
[Round "4.49"]
[White "Van Der Lende, Ilias"]
[Black "Apap, Hugo"]
[Result "1-0"]
[WhiteElo "2332"]
[BlackElo "2152"]
[PlyCount "103"]
[EventDate "2015.08.21"]
[EventType "swiss"]
[EventRounds "10"]
[EventCountry "ESP"]
[SourceTitle "Ajedrez en Madrid"]
[Source "lmi"]
[SourceDate "2015.08.21"]

1. d4 d5 2. Nf3 Nf6 3. c4 e6 4. Nc3 c6 5. g3 Bd6 6. Bg2 Nbd7 7. O-O dxc4 8. e4
e5 9. dxe5 Nxe5 10. Nxe5 Bxe5 11. Qxd8+ Kxd8 12. Rd1+ Kc7 13. h3 Be6 14. f4
Bxc3 15. bxc3 Rad8 16. Rxd8 Rxd8 17. f5 Bc8 18. Bf4+ Kb6 19. Be3+ Ka6 20. Bd4
Re8 21. Bxf6 gxf6 22. Rd1 Kb5 23. Rd6 Ka4 24. Rxf6 Ka3 25. Rxf7 Kb2 26. Rf6
Kxc3 27. Rd6 Kb2 28. Rd2+ Kc1 29. Rf2 c3 30. f6 Be6 31. e5 Rd8 32. Be4 Rd1+ 33.
Kg2 Rd2 34. Bxh7 Bd5+ 35. Kg1 Rd1+ 36. Rf1 Rxf1+ 37. Kxf1 Bc4+ 38. Kf2 Bxa2 39.
h4 a5 40. h5 a4 41. h6 Bd5 42. e6 Bxe6 43. Bg6 c2 44. Bxc2 Kxc2 45. h7 a3 46.
h8=Q a2 47. Qh7+ Kc1 48. Qxb7 a1=Q 49. Qxc6+ Kd2 50. Qd6+ Kc2 51. Qxe6 Qa7+ 52.
Kf3 1-0

[Event "17. Open de Sants Hostafrancs 2015"]
[Site "Barcelona ESP"]
[Date "2015.08.24"]
[Round "4.50"]
[White "Delorme, Alban"]
[Black "Sanz Rodero, Mikel"]
[Result "1-0"]
[WhiteElo "2331"]
[BlackElo "2150"]
[PlyCount "45"]
[EventDate "2015.08.21"]
[EventType "swiss"]
[EventRounds "10"]
[EventCountry "ESP"]
[SourceTitle "Ajedrez en Madrid"]
[Source "lmi"]
[SourceDate "2015.08.21"]

1. d4 Nf6 2. Nf3 e6 3. g3 d5 4. Bg2 b5 5. O-O Be7 6. a4 b4 7. c4 bxc3 8. Nxc3
Nbd7 9. Qc2 Bb7 10. Bf4 c5 11. Nb5 O-O 12. Bc7 Qc8 13. Bd6 Re8 14. dxc5 Ne4 15.
Bxe7 Rxe7 16. b4 a5 17. Nfd4 Nb8 18. Bxe4 dxe4 19. Nd6 Qd7 20. Nxb7 Qxb7 21. c6
Qb6 22. Qxe4 f5 23. Nxf5 1-0

[Event "17. Open de Sants Hostafrancs 2015"]
[Site "Barcelona ESP"]
[Date "2015.08.24"]
[Round "4.51"]
[White "Ramirez Garcia, Jorge Alberto"]
[Black "Urriza Iricibar, Pablo"]
[Result "1/2-1/2"]
[WhiteElo "2321"]
[BlackElo "2140"]
[PlyCount "92"]
[EventDate "2015.08.21"]
[EventType "swiss"]
[EventRounds "10"]
[EventCountry "ESP"]
[SourceTitle "Ajedrez en Madrid"]
[Source "lmi"]
[SourceDate "2015.08.21"]

1. Nf3 g6 2. d4 Nf6 3. c3 Bg7 4. Bg5 O-O 5. Nbd2 h6 6. Bxf6 Bxf6 7. e4 d6 8.
Bc4 Bg7 9. O-O Nd7 10. Re1 c5 11. a4 Qc7 12. Qe2 e5 13. dxe5 Nxe5 14. Bd5 Be6
15. Nxe5 Bxe5 16. Bxe6 fxe6 17. Nc4 Bg7 18. Qg4 Qf7 19. Qg3 d5 20. Nd6 Qf6 21.
e5 Qg5 22. Nxb7 Rab8 23. Nxc5 Rxb2 24. f4 Qf5 25. Nd3 Rd2 26. Red1 Rc2 27. Nb4
Rb2 28. Nc6 Rf7 29. Rf1 Bf8 30. Kh1 Bc5 31. Nd4 Bxd4 32. cxd4 Kh7 33. Rac1 Rb4
34. Qc3 Rxa4 35. h3 Ra2 36. Qb3 Rd2 37. Rc8 Qd3 38. Qxd3 Rxd3 39. Re8 Rxd4 40.
Rxe6 Rdxf4 41. Rxf4 Rxf4 42. Re7+ Kg8 43. Rd7 d4 44. Rxa7 Re4 45. Rd7 Rxe5 46.
Rxd4 Kg7 1/2-1/2

[Event "17. Open de Sants Hostafrancs 2015"]
[Site "Barcelona ESP"]
[Date "2015.08.24"]
[Round "4.52"]
[White "Garcia Ramos, Daniel"]
[Black "Olivares Canelles, Francisco"]
[Result "0-1"]
[WhiteElo "2176"]
[BlackElo "2305"]
[PlyCount "94"]
[EventDate "2015.08.21"]
[EventType "swiss"]
[EventRounds "10"]
[EventCountry "ESP"]
[SourceTitle "Ajedrez en Madrid"]
[Source "lmi"]
[SourceDate "2015.08.21"]

1. e4 c6 2. d4 d5 3. exd5 cxd5 4. Nf3 Nc6 5. Bd3 Bg4 6. c3 e6 7. Bf4 Bd6 8. Bg3
Nf6 9. Nbd2 a6 10. O-O Bh5 11. Qb3 Rb8 12. Rae1 Bg6 13. Bxg6 hxg6 14. Ne5 Bxe5
15. dxe5 Na5 16. Qb4 Nh5 17. Nf3 Nxg3 18. hxg3 Rc8 19. b3 b5 20. Re3 Qb6 21.
Rd1 Nb7 22. a4 Rc5 23. Qd4 bxa4 24. Qxa4+ Qb5 25. Qa3 O-O 26. Rd4 a5 27. Rh4
Rfc8 28. Ng5 Qe8 29. Qc1 Nd8 30. Rf3 d4 31. Nh7 Rxe5 32. g4 g5 33. Nxg5 Rxc3
34. Rxc3 dxc3 35. Rh3 Qe7 36. f4 Qc5+ 37. Kh2 Re2 38. Qxc3 Qd5 39. Qg3 f6 40.
Nf3 Nf7 41. Rh5 e5 42. fxe5 fxe5 43. Nh4 Qe4 44. Qc3 g6 45. Qc8+ Kg7 46. Rf5
gxf5 47. Nxf5+ Kh7 0-1

[Event "17. Open de Sants Hostafrancs 2015"]
[Site "Barcelona ESP"]
[Date "2015.08.24"]
[Round "4.53"]
[White "Paramzina, Anastasya"]
[Black "Ciornei, Dragos"]
[Result "1/2-1/2"]
[WhiteElo "2303"]
[BlackElo "2136"]
[PlyCount "112"]
[EventDate "2015.08.21"]
[EventType "swiss"]
[EventRounds "10"]
[EventCountry "ESP"]
[SourceTitle "Ajedrez en Madrid"]
[Source "lmi"]
[SourceDate "2015.08.21"]

1. e4 e5 2. Nf3 Nc6 3. Bc4 Nf6 4. d3 h6 5. O-O d6 6. c3 g6 7. d4 Qe7 8. Re1 Bg7
9. Nbd2 O-O 10. d5 Nd8 11. b4 Kh8 12. Bb2 Nh7 13. Bb3 f5 14. exf5 gxf5 15. c4
Nf7 16. c5 Qf6 17. Rc1 Rg8 18. cxd6 cxd6 19. Kh1 Qd8 20. Qc2 Bf6 21. a4 Qf8 22.
Nc4 Qg7 23. Rg1 Bd7 24. b5 Nhg5 25. Nxg5 Bxg5 26. Rce1 Bf6 27. Ba3 Be7 28. Na5
Rac8 29. Qe2 Rc7 30. Qe3 Bg5 31. Qxa7 Bd2 32. Rd1 Bc3 33. b6 Rcc8 34. Qxb7 Ng5
35. f3 Bxa5 36. Bxd6 Rc3 37. Qa6 Rxb3 38. Qxa5 Nf7 39. Be7 Rb2 40. Rd2 Rxd2 41.
Qxd2 Bxa4 42. Qa2 Bb5 43. b7 e4 44. fxe4 Ne5 45. d6 Bc6 46. Qe6 Nd7 47. Qxf5
Bxb7 48. Qxd7 Bxe4 49. Qh3 Kh7 50. Bh4 Qb2 51. Bg3 Qd2 52. Qe6 Qe2 53. Qf6 Rg6
54. Qe5 Bxg2+ 55. Rxg2 Qf1+ 56. Rg1 Qf3+ 1/2-1/2

[Event "17. Open de Sants Hostafrancs 2015"]
[Site "Barcelona ESP"]
[Date "2015.08.24"]
[Round "4.54"]
[White "Fernandez Madrid, Carlos"]
[Black "Pogorelov, Ruslan"]
[Result "1/2-1/2"]
[WhiteElo "2168"]
[BlackElo "2302"]
[PlyCount "71"]
[EventDate "2015.08.21"]
[EventType "swiss"]
[EventRounds "10"]
[EventCountry "ESP"]
[SourceTitle "Ajedrez en Madrid"]
[Source "lmi"]
[SourceDate "2015.08.21"]

1. c4 c5 2. g3 g6 3. Bg2 Bg7 4. Nc3 Nc6 5. Nf3 b6 6. O-O Bb7 7. d3 d6 8. Bg5
Bxc3 9. bxc3 Qd7 10. e4 O-O-O 11. a4 f6 12. Be3 f5 13. d4 Na5 14. exf5 gxf5 15.
Qd3 Be4 16. Qe2 Qb7 17. d5 Qa6 18. Ng5 Bxg2 19. Kxg2 Qxc4 20. Qxc4 Nxc4 21. Nf7
Nf6 22. Nxh8 Rxh8 23. Rfd1 Rg8 24. Bf4 h5 25. h4 Ne4 26. f3 Nf6 27. Kf2 Kd7 28.
Ra2 Ne8 29. Re2 Nc7 30. Bg5 Rg7 31. Bh6 Rf7 32. Bf4 Rf6 33. Bg5 Rf7 34. Bf4 Rf6
35. Bg5 Rf7 36. Bf4 1/2-1/2

[Event "17. Open de Sants Hostafrancs 2015"]
[Site "Barcelona ESP"]
[Date "2015.08.24"]
[Round "4.55"]
[White "Arias Igual, Alejandro"]
[Black "Nordenbaek, Jan"]
[Result "1-0"]
[WhiteElo "2302"]
[BlackElo "2134"]
[PlyCount "95"]
[EventDate "2015.08.21"]
[EventType "swiss"]
[EventRounds "10"]
[EventCountry "ESP"]
[SourceTitle "Ajedrez en Madrid"]
[Source "lmi"]
[SourceDate "2015.08.21"]

1. d4 d5 2. c4 c6 3. Nf3 Nf6 4. Qc2 dxc4 5. Qxc4 Bg4 6. Nc3 Bxf3 7. gxf3 g6 8.
e4 Bg7 9. Be3 O-O 10. O-O-O b5 11. Qb3 Qc7 12. Kb1 a5 13. Rc1 a4 14. Qc2 Qa5
15. e5 Nfd7 16. f4 Na6 17. d5 a3 18. dxc6 Nb4 19. Qb3 axb2 20. Qxb2 Nxc6 21.
Nd5 b4 22. Bg2 Ndb8 23. Nb6 Ra6 24. Bxc6 Rxb6 25. Bxb6 Qxb6 26. Be4 f6 27. Rc4
fxe5 28. Rxb4 Qc7 29. fxe5 Na6 30. Rb7 Qc5 31. Rc1 Qa5 32. Rb5 Qd8 33. Qb3+ Kh8
34. Qd5 Qxd5 35. Rxd5 Rb8+ 36. Ka1 e6 37. Ra5 Nb4 38. Rac5 Rf8 39. a3 Nd5 40.
Bxd5 Bxe5+ 41. Ka2 Rxf2+ 42. R1c2 Rxc2+ 43. Rxc2 exd5 44. a4 d4 45. Kb3 d3 46.
Ra2 Bf4 47. Kc3 d2 48. Rxd2 1-0

[Event "17. Open de Sants Hostafrancs 2015"]
[Site "Barcelona ESP"]
[Date "2015.08.24"]
[Round "4.56"]
[White "Sorroche Martin, Jose Maria"]
[Black "Congiu, Mathilde"]
[Result "0-1"]
[WhiteElo "2164"]
[BlackElo "2301"]
[PlyCount "68"]
[EventDate "2015.08.21"]
[EventType "swiss"]
[EventRounds "10"]
[EventCountry "ESP"]
[SourceTitle "Ajedrez en Madrid"]
[Source "lmi"]
[SourceDate "2015.08.21"]

1. d4 Nf6 2. c4 g6 3. g3 c5 4. d5 b5 5. Bg2 d6 6. e4 Nbd7 7. cxb5 a6 8. b6 Qxb6
9. Ne2 Bg7 10. O-O O-O 11. Qc2 a5 12. Na3 Ba6 13. Rb1 Rab8 14. h3 Qc7 15. Be3
Rb4 16. Rfd1 Nxe4 17. Bxe4 Bxe2 18. Re1 Ba6 19. Bd2 Ne5 20. Bxb4 axb4 21. f4
bxa3 22. fxe5 axb2 23. Rxb2 Bxe5 24. Rb3 c4 25. Kg2 Qa5 26. Rbb1 c3 27. g4 Bc4
28. Rb7 Bf6 29. a4 Ra8 30. Reb1 Qxa4 31. Rb8+ Kg7 32. g5 Qxc2+ 33. Bxc2 Bxd5+
34. Kf1 Bxg5 0-1

[Event "17. Open de Sants Hostafrancs 2015"]
[Site "Barcelona ESP"]
[Date "2015.08.24"]
[Round "4.57"]
[White "Faerman, Igor"]
[Black "Alcala Valiente, Juan Carlos"]
[Result "1/2-1/2"]
[WhiteElo "2297"]
[BlackElo "2133"]
[PlyCount "114"]
[EventDate "2015.08.21"]
[EventType "swiss"]
[EventRounds "10"]
[EventCountry "ESP"]
[SourceTitle "Ajedrez en Madrid"]
[Source "lmi"]
[SourceDate "2015.08.21"]

1. d4 d5 2. Nf3 c6 3. Bf4 Nf6 4. h3 Qb6 5. Qc1 c5 6. e3 Nc6 7. c3 Bf5 8. Nbd2
Nd7 9. Be2 e6 10. O-O Be7 11. c4 Rc8 12. Nb3 O-O 13. Ne5 Ndxe5 14. dxe5 Nb4 15.
Qc3 Rfd8 16. Rfd1 dxc4 17. Qxc4 Bc2 18. Rd2 Rxd2 19. Nxd2 Rd8 20. Qc3 Bd3 21.
Bf3 Qa6 22. Ne4 c4 23. Nd6 Nc2 24. Rc1 Qxa2 25. Bxb7 Rb8 26. Nxc4 Qxc4 27. Qxc4
Bxc4 28. Rxc2 Rxb7 29. Rxc4 Rxb2 30. Rc8+ Bf8 31. Ra8 Rb7 32. e4 f6 33. exf6
gxf6 34. Bh6 Rf7 35. Bxf8 Rxf8 36. Rxa7 Rb8 37. Re7 e5 38. Kh2 Rb4 39. f3 Rb2
40. Kg3 Ra2 41. Rd7 Rb2 42. h4 h5 43. Rd3 Kf7 44. Kh3 Kg6 45. Rd6 Rf2 46. Rd7
Rf1 47. Kg3 Rh1 48. Rd2 Kf7 49. Rf2 Re1 50. Ra2 Rh1 51. Ra8 Kg7 52. Ra2 Kf7 53.
Rf2 Re1 54. Kh2 Kg6 55. g3 Re3 56. Kg2 Re1 57. Rd2 Re3 1/2-1/2

[Event "17. Open de Sants Hostafrancs 2015"]
[Site "Barcelona ESP"]
[Date "2015.08.24"]
[Round "4.58"]
[White "Muratet, Lucas"]
[Black "Jaksland, Tim"]
[Result "0-1"]
[WhiteElo "2160"]
[BlackElo "2292"]
[PlyCount "66"]
[EventDate "2015.08.21"]
[EventType "swiss"]
[EventRounds "10"]
[EventCountry "ESP"]
[SourceTitle "Ajedrez en Madrid"]
[Source "lmi"]
[SourceDate "2015.08.21"]

1. e4 c5 2. Nf3 e6 3. d4 cxd4 4. Nxd4 Nc6 5. Nc3 Qc7 6. Be2 a6 7. O-O Nf6 8.
Kh1 d6 9. Nxc6 bxc6 10. Qd3 d5 11. f4 Be7 12. e5 Nd7 13. b3 a5 14. Na4 O-O 15.
Qg3 Nc5 16. Nxc5 Bxc5 17. Bb2 a4 18. Rab1 axb3 19. axb3 Ra2 20. Bd3 g6 21. h4
Ba6 22. Bxa6 Rxa6 23. h5 Re8 24. Qf3 Ra2 25. g4 Bf8 26. Rf2 Qa7 27. c4 dxc4 28.
bxc4 Rb8 29. f5 Raxb2 30. Rbf1 Rxf2 31. Rxf2 exf5 32. gxf5 Qa1+ 33. Rf1 Rb1 0-1

[Event "17. Open de Sants Hostafrancs 2015"]
[Site "Barcelona ESP"]
[Date "2015.08.24"]
[Round "4.59"]
[White "Ruiz Mata, Oscar"]
[Black "Prieto Aranguren, Alain"]
[Result "1-0"]
[WhiteElo "2290"]
[BlackElo "2123"]
[PlyCount "80"]
[EventDate "2015.08.21"]
[EventType "swiss"]
[EventRounds "10"]
[EventCountry "ESP"]
[SourceTitle "Ajedrez en Madrid"]
[Source "lmi"]
[SourceDate "2015.08.21"]

1. d4 f5 2. Bg5 h6 3. Bf4 Nf6 4. Nd2 d6 5. h4 Nc6 6. Ngf3 Nxd4 7. Nxd4 e5 8.
Be3 exd4 9. Bxd4 c5 10. Bxf6 Qxf6 11. e4 Bd7 12. Qf3 O-O-O 13. O-O-O g6 14. Bc4
Bc6 15. Bd5 Bxd5 16. exd5 Bg7 17. c3 Rhe8 18. g3 Rd7 19. Rde1 Rde7 20. Kd1 h5
21. Qf4 b5 22. Qg5 Qf7 23. Rxe7 Rxe7 24. Re1 Rxe1+ 25. Kxe1 b4 26. cxb4 cxb4
27. Qf4 Qxd5 28. Qxb4 Kc7 29. b3 Bh6 30. Qc4+ Qc6 31. Ke2 d5 32. Qxc6+ Kxc6 33.
Kd3 Kc5 34. f4 Bg7 35. Nf3 d4 36. Ne5 Bxe5 37. fxe5 Kd5 38. e6 Kxe6 39. Kxd4 g5
40. hxg5 f4 1-0